<?xml version="1.0" encoding="UTF-8"?>
<marc:record xmlns:marc="http://www.loc.gov/MARC21/slim">
   <marc:leader>00000nam a2200000 a 4500</marc:leader>
   <marc:datafield ind1="1" ind2=" " tag="100">
      <marc:subfield code="a">Werkmeister, Meike</marc:subfield>
      <marc:subfield code="4">aut</marc:subfield>
      <marc:subfield code="e">Verfasser/-in</marc:subfield>
   </marc:datafield>
   <marc:datafield ind1="0" ind2="0" tag="245">
      <marc:subfield code="a">Am Horizont wartet die Sonne</marc:subfield>
   </marc:datafield>
   <marc:datafield ind1="0" ind2="0" tag="245">
      <marc:subfield code="b">Roman</marc:subfield>
   </marc:datafield>
   <marc:datafield ind1="0" ind2="0" tag="245">
      <marc:subfield code="c">Meike Werkmeister</marc:subfield>
   </marc:datafield>
   <marc:datafield ind1=" " ind2="1" tag="264">
      <marc:subfield code="a">München</marc:subfield>
      <marc:subfield code="b">Goldmann</marc:subfield>
   </marc:datafield>
   <marc:datafield ind1=" " ind2=" " tag="250">
      <marc:subfield code="a">1. Auflage, Originalausgabe</marc:subfield>
   </marc:datafield>
   <marc:datafield ind1="1" ind2=" " tag="520">
      <marc:subfield code="a">Der große neue Sommerroman der SPIEGEL-Bestsellerautorin &lt;br/&gt;&lt;br/&gt; &lt;br/&gt;&lt;br/&gt;Es gibt keine Zufälle, es gibt nur Zeichen. Davon ist die Hamburger Autorin Katrin überzeugt. Doch während sie Bücher schreibt, die anderen Orientierung geben sollen, steckt sie selbst in einer Lebenskrise. Bis das Schicksal auch ihr ein Zeichen gibt: Als sie einen Liebesbrief findet, adressiert an einen Filipe in Portugal, beschließt sie, dem Empfänger die Botschaft persönlich zu überbringen. Mit ihrer Freundin Julia reist sie auf eine idyllische Halbinsel an der Atlantikküste, die Heimat des geheimnisvollen Filipe. Bei der Suche nach ihm gerät Katrin unversehens in ein Familiendrama. Und findet etwas, wonach sie gar nicht gesucht hat</marc:subfield>
   </marc:datafield>
   <marc:datafield ind1=" " ind2=" " tag="020">
      <marc:subfield code="a">9783442494163</marc:subfield>
      <marc:subfield code="9">9783442494163</marc:subfield>
   </marc:datafield>
   <marc:datafield ind1=" " ind2=" " tag="041">
      <marc:subfield code="a">ger</marc:subfield>
   </marc:datafield>
   <marc:datafield ind1="1" ind2=" " tag="521">
      <marc:subfield code="a">0</marc:subfield>
   </marc:datafield>
   <marc:datafield ind1=" " ind2=" " tag="300">
      <marc:subfield code="a">430 Seiten</marc:subfield>
   </marc:datafield>
</marc:record>
